Представление документа в формате RUSMARC

Поле Инд. ПП Название Значение
Тип записи a
Библиографический уровень a
001 Контрольный номер a1c1a3ec03bc4aae9310241a83b02bc0
005 Дата корректировки 20190605125444.0
100 a Данные общей обработки 20190605 ||| 0rusy0189 ca
101 0_ a Язык текста rus
102 a Страна публикации RU
200 1_ f Первые сведения об ответственности О.Ю. Шилохвост
a Заглавие Забытое вопросы страхового права (из научного наследия проф. М.Я. Пергамента 1920-х гг.)
b Общее обозначение материала Электронный ресурс
210 1_ d Дата издания 2019
461 _0 1 2000
a Вестник гражданского права
463 _0 1 2000
a № 2
v С. 2013-236
1 2101
d 2019
1 00187b55017de214dbea1129669bef0a895
606 a Основная рубрика Гражданское и торговое право
610 0_ a Ключевые слова ИСТОРИЯ ПРАВА РОССИИ
a Ключевые слова КЛАССИКА ЮРИДИЧЕСКОЙ МЫСЛИ
a Ключевые слова СТРАХОВОЕ ПРАВО
700 _1 a Фамилия Шилохвост
b Имя О.Ю.
801 _0 a Страна RU
b Организация РГУП
c Дата составления 20190605
g Правила каталогизации PSBO
801 _1 a Страна RU
b Организация РГУП
c Дата составления 20190605
g Правила каталогизации PSBO
901 t Тип документа b
w Контрольный № источника 87b55017de214dbea1129669bef0a895
905 a Дата ввода 20190605